书目信息 |
| 题名: |
化工流变学
|
|
| 作者: | 江体乾 著 | |
| 分册: | ||
| 出版信息: | 上海 华东理工大学出版社 2004 |
|
| 页数: | 466页 | |
| 开本: | 20cm | |
| 丛书名: | ||
| 单 册: | ||
| 中图分类: | TQ012 | |
| 科图分类: | ||
| 主题词: | 流变学 , 化学工业 , 流变学--应用--化学工业 | |
| 电子资源: | ||
| ISBN: | 7-5628-1521-6 | |
| 000 | 00826nam0 2200265 450 | |
| 001 | 002724802 | |
| 005 | 20050920101320.70 | |
| 010 | @a7-5628-1521-6@dCNY28.00 | |
| 035 | @a002724802 | |
| 100 | @a20040920d2004 em y0chiy0110 ea | |
| 101 | 0 | @achi |
| 102 | @aCN@b310000 | |
| 105 | @ay z 000yy | |
| 200 | 1 | @a化工流变学@9hua gong liu bian xue@f江体乾著@Fjiang ti qian zhu |
| 210 | @a上海@c华东理工大学出版社@d2004 | |
| 215 | @a466页@d20cm | |
| 300 | @a华东理工大学研究生教育基金资助项目 | |
| 330 | @a本书在张量代数与微分、连续介质力学概念的基础上,对流变测量学、典型本构方程及分子理论等流变学核心内容作讲述。 | |
| 606 | 0 | @a流变学 |
| 606 | 0 | @a化学工业 |
| 606 | 0 | @a流变学@x应用@x化学工业 |
| 690 | @aTQ012@v4 | |
| 701 | 0 | @a江体乾@Ajiang ti qian@4著 |
| 801 | 0 | @aCN@bTSSF@c20050920 |
| 905 | @a10447@dTQ012@e79 | |
| 化工流变学/江体乾著.-上海:华东理工大学出版社,2004 |
| 466页;20cm |
| 华东理工大学研究生教育基金资助项目 |
| ISBN 7-5628-1521-6:CNY28.00 |
| 本书在张量代数与微分、连续介质力学概念的基础上,对流变测量学、典型本构方程及分子理论等流变学核心内容作讲述。 |
| ● |
| 相关链接 |
|
|
|
|
正题名:化工流变学
索取号:TQ012/79
 
预约/预借
| 序号 | 登录号 | 条形码 | 馆藏地/架位号 | 状态 | 备注 |
| 1 | 0362162 | 3621628 | 第二样本阅览室/ [索取号:TQ012/79] | 在馆 | |
| 2 | 0362163 | 3621637 | 第三借阅区/ [索取号:TQ012/79] | 在馆 | |
| 3 | 0362164 | 3621646 | 第三借阅区/ [索取号:TQ012/79] | 在馆 | |
| 4 | 0362165 | 3621655 | 第三借阅区/ [索取号:TQ012/79] | 在馆 | |
| 5 | 0362166 | 3621664 | 第三借阅区/ [索取号:TQ012/79] | 在馆 |